miasta województwa zachodniopomorskiego - Statystyki

Ogólne statystyki
  • Ten quiz został rozwiązany 638 razy
  • Średni wynik to 38 z 66
Statystyki odpowiedzi
pierwsza litera miasto % Poprawnych
K Koszalin
94%
S Szczecin
94%
K Kołobrzeg
91%
Ś Świnoujście
89%
B Białogard
82%
P Police
82%
G Gryfino
81%
S Szczecinek
81%
G Gryfice
80%
S Stargard
80%
W Wałcz
80%
M Międzyzdroje
77%
G Goleniów
76%
D Drawsko Pomorskie
75%
C Choszczno
72%
K Kamień Pomorski
72%
Ś Świdwin
72%
D Darłowo
71%
Ł Łobez
70%
B Barlinek
68%
S Sławno
67%
M Mielno
66%
P Pyrzyce
65%
M Myślibórz
64%
N Nowogard
64%
W Wolin
64%
C Czaplinek
60%
C Cedynia
59%
T Trzebiatów
58%
I Ińsko
56%
P Połczyn-Zdrój
55%
Z Złocieniec
55%
D Dziwnów
54%
K Kalisz Pomorski
54%
K Karlino
54%
B Borne Sulinowo
53%
B Bobolice
52%
D Dębno
52%
C Chojna
51%
D Drawno
51%
P Płoty
51%
C Chociwel
49%
N Nowe Warpno
49%
B Biały Bór
48%
M Mirosławiec
47%
R Resko
47%
R Recz
46%
B Barwice
45%
M Mieszkowice
45%
S Sianów
45%
T Trzcińsko-Zdrój
43%
S Stepnica
41%
W Węgorzyno
41%
D Dobra
40%
G Golczewo
39%
G Gościno
39%
L Lipiany
39%
P Polanów
38%
C Człopa
37%
M Moryń
36%
T Tuczno
35%
T Tychowo
34%
M Maszewo
32%
D Dobrzany
29%
P Pełczyce
29%
S Suchań
28%
Nie znaleziono quizów pasujących do podanych kryteriów
Rozkład punktacji
Procent ludzi z każdym wynikiem
Percentyl według liczby udzielonych odpowiedzi
Twoja historia wyników
Nie rozwiązałeś tego quizu